000 00512nam a2200181Ia 4500
005 20250508161605.0
008 008 250505s9999 xx 000 0 eng d
037 _aTextual
040 _aFEDL
_beng
_cFEDL
041 _aeng
_2eng
084 _a500, RAJ
_qFEDL
100 _aRajam J B
_9634980
245 0 _aText book of heat : For degree students
260 _aNew Delhi, India
_bS. Chand and Company Limited
_c1973
300 _a518p.
942 _cTEXL
_h500, RAJ
999 _c1370969
_d1370969